[Event "Honved-B"]
[Site "Budapest"]
[Date "1997.??.??"]
[Round "7"]
[White "Wells, Peter K"]
[Black "Izsak, Gyula"]
[Result "0-1"]
[WhiteElo "2495"]
[BlackElo "2400"]

1.Nf3 d5 2.c4 dxc4 3.e3 Nf6 4.Bxc4 e6 5.O-O c5 6.b3 a6 7.Bb2 Nc6 8.Be2 b6
9.d3 Bb7 10.Nbd2 Be7 11.a3 O-O 12.Rc1 Rc8 13.Rc2 Nd7 14.Nc4 b5 15.Ncd2 Bf6
16.Qa1 Ne7 17.Bxf6 Nxf6 18.Rfc1 Qb6 19.Ne5 Rc7 20.Bf3 Rfc8 21.Bxb7 Qxb7 22.Ndf3 h6
23.e4 Nd7 24.h3 Nxe5 25.Qxe5 Rc6 26.Rxc5 Ng6 27.Qd4 Nf4 28.Rxc6 Rxc6 29.Qd8+ Kh7
30.Re1 Rc3 31.Ne5 Rc7 32.Qh4 g5 33.Qg4 f6 34.g3 h5 35.Qd1 Nxh3+ 36.Kg2 g4
37.Nxg4 hxg4 38.Qxg4 Ng5 39.Qh5+ Kg7 40.Rh1 Qc8 41.d4 Rc1 42.Rh4 Qg8 43.d5 e5
44.d6 Qe6 45.f4 Qxd6 46.Qh8+ Kf7 47.fxg5 Qd2+ 48.Kh3 Rh1+ 49.Kg4 Qd1+ 50.Kf5 Qd7+  0-1

[Event "Budapest FS05 IM"]
[Site "Budapest"]
[Date "1997.??.??"]
[Round "13"]
[White "Baumegger, Siegfried"]
[Black "Velcheva, Maria"]
[Result "1-0"]
[WhiteElo "2360"]
[BlackElo "2285"]

1.Nf3 d5 2.c4 e6 3.g3 Nf6 4.Bg2 Be7 5.O-O O-O 6.d4 c6 7.Qc2 Nbd7 8.Nbd2 b6
9.e4 Bb7 10.e5 Ne8 11.cxd5 cxd5 12.Re1 b5 13.Nf1 b4 14.h4 Qc7 15.Qd3 Rc8
16.Bg5 Bxg5 17.Nxg5 Qc2 18.Qb5 Bc6 19.Qxb4 Rb8 20.Rac1 Rxb4 21.Rxc2 Bb5 22.Rd1 h6
23.Nf3 f6 24.Bh3 f5 25.b3 Kf7 26.Ne3 g6 27.Bf1 Bxf1 28.Kxf1 Ke7 29.Ng2 Rg8
30.Ke2 g5 31.Ke3 a5 32.Rc3 g4 33.Nfe1 Ng7 34.Nf4 Ra8 35.Ned3 Rb7 36.Rdc1 Ra6
37.Rc6 Rab6 38.Rxb6 Rxb6 39.Rc7 Ne8 40.Ra7 Rb5 41.Nc5  1-0

[Event "Cairo-A"]
[Site "Cairo"]
[Date "1997.??.??"]
[Round "2"]
[White "Szekely, Peter"]
[Black "Novikov, Igor A"]
[Result "1/2-1/2"]
[WhiteElo "2455"]
[BlackElo "2580"]

1.Nf3 d5 2.c4 c6 3.cxd5 cxd5 4.d4 Nf6 5.Nc3 Nc6 6.Bf4 a6 7.Rc1 Bf5 8.e3 e6
9.Bd3 Bxd3 10.Qxd3 Bd6 11.Bxd6 Qxd6 12.O-O O-O 13.a3 b5  1/2-1/2

[Event "Goodricke op"]
[Site "Calcutta"]
[Date "1997.??.??"]
[Round "1"]
[White "Parameswaran, Tiruchi N"]
[Black "Mamedova, Rena"]
[Result "1-0"]
[WhiteElo "2400"]
[BlackElo "2220"]

1.Nf3 d5 2.c4 dxc4 3.Qa4+ Nc6 4.g3 g6 5.Bg2 Bg7 6.O-O e5 7.Qxc4 Nge7 8.d3 O-O
9.Nbd2 Be6 10.Qc2 Nf5 11.Nb3 Bd5 12.e4 Bxb3 13.Qxb3 Nfe7 14.Bg5 Qd6 15.Rac1 Bf6
16.Be3 b6 17.a3 a5 18.Rc4 Qe6 19.Rfc1 Rad8 20.Qc2 Rd6 21.h4 Rfd8 22.Kh2 Qc8
23.d4 Nxd4 24.Bxd4 exd4 25.e5 Bxe5 26.Nxe5 Qe6 27.Re1 d3 28.Nxd3 Qf6 29.Rf4 Nf5
30.Be4 Rd4 31.Bxf5 gxf5 32.Rxd4 Qxd4 33.Nf4 c5 34.Re2 c4 35.Qxf5  1-0

[Event "Goodricke op"]
[Site "Calcutta"]
[Date "1997.??.??"]
[Round "3"]
[White "Zvjaginsev, Vadim"]
[Black "Babu, N Sudhakar"]
[Result "1-0"]
[WhiteElo "2610"]
[BlackElo "2380"]

1.Nf3 d5 2.c4 c6 3.e3 Nf6 4.Nc3 g6 5.d4 Bg7 6.h3 O-O 7.Bd3 c5 8.O-O cxd4
9.exd4 Nc6 10.a3 dxc4 11.Bxc4 e6 12.Bg5 h6 13.Bf4 Nd5 14.Bxd5 exd5 15.Re1 g5
16.Be5 Be6 17.Bxg7 Kxg7 18.Ne2 f6 19.Ng3 Bf7 20.Nh4 Qd7 21.Nhf5+ Kh7 22.Qg4 Rad8
23.h4 Bg6 24.h5 Bxf5 25.Nxf5 Rfe8 26.Qf3 Rxe1+ 27.Rxe1 Re8 28.Rxe8 Qxe8 29.Qxd5 Qxh5
30.Qd7+  1-0

[Event "Goodricke op"]
[Site "Calcutta"]
[Date "1997.??.??"]
[Round "7"]
[White "Marin, Mihail"]
[Black "Komliakov, Viktor"]
[Result "1/2-1/2"]
[WhiteElo "2545"]
[BlackElo "2460"]

1.Nf3 d5 2.c4 c6 3.d4 Nf6 4.Nc3 a6 5.c5 Bf5 6.Bf4 Nbd7 7.e3 Nh5 8.Bd3 Nxf4
9.exf4 Bg4 10.Be2 Bxf3 11.Bxf3 e6 12.O-O g6 13.Qd2  1/2-1/2

[Event "Goodricke op"]
[Site "Calcutta"]
[Date "1997.??.??"]
[Round "9"]
[White "Roktim, Bandyopadhyay"]
[Black "Reefat bin Satter"]
[Result "1/2-1/2"]
[WhiteElo "2195"]
[BlackElo "2410"]

1.Nf3 d5 2.c4 e6 3.d4 c6 4.Nbd2 f5 5.g3 Nf6 6.Bg2 Bd6 7.O-O O-O 8.Ne5 Bd7
9.Ndf3 Be8 10.Qb3 Qc8 11.Nd3 h6 12.Bf4 Be7 13.Nfe5 Na6 14.Rac1 g5 15.Bd2 Rb8
16.Ba5 Kg7 17.Rc2 Bg6 18.Nb4 Nxb4 19.Bxb4 Qd8 20.Bxe7 Qxe7 21.Qe3 Rfe8  1/2-1/2

[Event "Celle Ligure op"]
[Site "Celle Ligure"]
[Date "1997.??.??"]
[Round "6"]
[White "Fuggetta, Leonardo"]
[Black "Cirabisi, Federico"]
[Result "1-0"]
[WhiteElo "2075"]
[BlackElo "2125"]

1.Nf3 d5 2.c4 e6 3.cxd5 exd5 4.d4 c6 5.Nc3 f5 6.Bg5 Nf6 7.e3 Bd6 8.Bd3 O-O
9.Qc2 Qe8 10.Bxf6 Rxf6 11.Ne5 Bxe5 12.dxe5 Rf8 13.f4 Be6 14.Ne2 Nd7 15.Nd4 c5
16.Nb5 c4 17.Be2 Qg6 18.O-O Nc5 19.Nd6 Rad8 20.Rad1 Rxd6 21.exd6 Ne4 22.Bf3 Rd8
23.Bxe4 fxe4 24.f5 Bxf5 25.Rxd5 Bg4 26.Qxc4 Kh8 27.Qc7 Rg8 28.d7 Bf3 29.Rf2 h6
30.d8=Q Rxd8 31.Rxd8+ Kh7 32.Qc4 Qg5 33.Qd4  1-0

[Event "Chemnitz op"]
[Site "Chemnitz"]
[Date "1997.??.??"]
[Round "5"]
[White "Teske, Henrik"]
[Black "Bach, Markus"]
[Result "1-0"]
[WhiteElo "2515"]
[BlackElo "2320"]

1.Nf3 d5 2.c4 e6 3.d4 c5 4.cxd5 exd5 5.g3 Nf6 6.Bg2 Nc6 7.O-O Be7 8.b3 Ne4
9.Bb2 Bf6 10.Nc3 O-O 11.Na4 b6 12.Rc1 Ba6 13.dxc5 Bxb2 14.Nxb2 Nxc5 15.Ne1 Qf6
16.Nbd3 Rfe8 17.Nxc5 bxc5 18.Nd3 Nd4 19.e3 Ne6 20.Re1 Bxd3 21.Qxd3 Rad8 22.Bxd5 Ng5
23.Kg2 Re4 24.f4 Qf5 25.Rcd1 Qh3+ 26.Kh1 Nf3 27.Re2 Re6 28.e4 Qg4 29.Rf2 Nd4
30.Bxe6 fxe6 31.Re1 h5 32.Kg2 Qg6 33.f5 Qe8 34.f6 gxf6 35.Rxf6 Kg7 36.Rf2 Qg6
37.Ref1 Nc6 38.Qe3 Ne5 39.Rf6 Qxf6 40.Rxf6 Kxf6 41.Qf4+  1-0

[Event "Ciego de Avila"]
[Site "Ciego de Avila"]
[Date "1997.??.??"]
[Round "7"]
[White "Pazos, Plinio"]
[Black "Santa, Luis A"]
[Result "1-0"]
[WhiteElo "2330"]
[BlackElo "2220"]

1.Nf3 d5 2.c4 c6 3.b3 Bg4 4.Ne5 Bh5 5.Bb2 Nf6 6.h3 e6 7.d3 Nbd7 8.Nxd7 Nxd7
9.Nd2 Nf6 10.g3 Bd6 11.Bg2 O-O 12.Qc2 Qe7 13.e4 dxe4 14.dxe4 e5 15.O-O Nd7
16.Nf3 Bxf3 17.Bxf3 Rfd8 18.Rad1 Nf8 19.Rd3 Ne6 20.Bg4 Bc7 21.Rfd1 Rxd3 22.Rxd3 Rd8
23.Rxd8+ Nxd8 24.c5 Ne6 25.Ba3 Nd4 26.Qc4 Qd8 27.Kg2 b5 28.cxb6 axb6 29.Bb2 c5
30.Qa4 Kf8 31.h4 Ke7 32.Bc1 f6 33.Bb2 Kf8 34.h5 h6 35.Qa6 Bd6 36.Bc8 Qc7
37.Bb7 Ke7 38.Bd5 Kf8 39.a4 Ke7 40.Bc3 Qb8 41.Bb7 Qc7 42.Bd5 Qb8 43.Qc4 Qc8
44.b4 Ne6 45.Bd2 Nc7 46.Bg8 Ne6 47.Bh7 Nd4 48.Bc3 Qe6 49.Qa6 cxb4 50.Bxd4 exd4
51.Qxb6 d3 52.Bg6 Qd7 53.e5 fxe5 54.Bxd3 Qc7 55.Qb5 Qc5 56.Qb7+ Qc7 57.Qd5 Kf6
58.Bc4 Qe7 59.Qe4 Qe8 60.a5 Bb8 61.a6 Ba7 62.Qh4+ Kf5 63.Bd3+ Ke6 64.Qc4+ Kf6
65.Be4 Qe7 66.Bg6 Bc5 67.Bc2 Qa7 68.Qe4 Bf8 69.Qf5+ Ke7 70.Qxe5+ Kd8 71.Qd5+ Ke7
72.Qb7+  1-0

[Event "Corsica rap op"]
[Site "Corsica"]
[Date "1997.??.??"]
[Round "8"]
[White "Djuric, Stefan"]
[Black "Chaplin, Erik"]
[Result "1-0"]
[WhiteElo "2545"]
[BlackElo "2220"]

1.Nf3 d5 2.c4 d4 3.e3 Nc6 4.exd4 Nxd4 5.Nxd4 Qxd4 6.Nc3 Bg4 7.Be2 Bxe2 8.Qxe2 c6
9.d3 O-O-O 10.Be3 Qxd3 11.Qxd3 Rxd3 12.Bxa7 Kc7 13.Ke2 Rd7 14.a4 e6 15.a5 Ne7
16.Bb6+ Kc8 17.Rhd1 Ng6 18.Rxd7 Kxd7 19.Rd1+  1-0

[Event "Corsica rap op"]
[Site "Corsica"]
[Date "1997.??.??"]
[Round "9"]
[White "Kogan, Artur"]
[Black "Flear, Christine"]
[Result "1-0"]
[WhiteElo "2500"]
[BlackElo "2230"]

1.Nf3 d5 2.c4 e6 3.g3 Nf6 4.Bg2 Be7 5.b3 O-O 6.Bb2 c5 7.O-O Nc6 8.cxd5 exd5
9.d4 Be6 10.Nc3 h6 11.Rc1 cxd4 12.Nxd4 Qd7 13.Na4 Nxd4 14.Qxd4 b6 15.Nc3 Rac8
16.Rfd1 Rfd8 17.Rd2 Ng4 18.e3 Bc5 19.Qf4 g5 20.Qf3 Ne5 21.Qf6 Ng4 22.Qf3 Ne5
23.Qh5 Bf8 24.Nxd5 Rxc1+ 25.Bxc1 Bxd5 26.Rxd5 Qc7 27.Qd1 Rxd5 28.Bxd5 Qc3
29.Qd2 Qa1 30.Kg2 Bg7 31.Qc2 Nd7 32.Qc7 Ne5 33.Qc8+ Kh7 34.Qc2+ Kg8 35.Bb2 Qxa2
36.Qc8+ Kh7 37.Be4+  1-0

[Event "Matanzas op"]
[Site "Cuba"]
[Date "1997.??.??"]
[Round "1"]
[White "Cruz, Liset"]
[Black "Miguez, Daglay"]
[Result "0-1"]
[WhiteElo "2040"]
[BlackElo "2055"]

1.Nf3 d5 2.c4 d4 3.d3 Bf5 4.g3 Nf6 5.Bg2 Nc6 6.O-O e5 7.Na3 Be7 8.Nc2 O-O
9.b4 Nxb4 10.Nxe5 Nxc2 11.Qxc2 c6 12.Rb1 Rb8 13.Bf4 Bd6 14.c5 Bc7 15.Nc4 Bxf4
16.gxf4 Qd7 17.Kh1 Bh3 18.Rg1 Bxg2+ 19.Rxg2 Nd5 20.Qd2 Kh8 21.Rbg1 Rg8 22.e4 dxe3
23.fxe3 Qe7 24.e4 Nf6 25.Qf2 Ne8 26.Ne5 Rf8 27.Rg4 f6 28.Qh4 Kg8 29.R4g3 Qd8
30.Nc4 Rf7 31.Rh3 Kf8 32.Qxh7 Ke7 33.e5 Qd5+ 34.Qe4 Qxe4+ 35.dxe4 fxe5 36.Nxe5 Rf6
37.Rd3 Rd8 38.Rxd8 Kxd8 39.f5 Kc8 40.Rd1 Rh6 41.Kg2 Nf6 42.Nf7 Rh5 43.e5 Nd5
44.e6 Ne3+ 45.Kf3 Nxd1 46.Nd6+ Kd8 47.Nxb7+ Ke7 48.Kg4 Rxh2 49.Na5 Rxa2 50.Nxc6+ Ke8
51.Kg5 Ne3 52.Nb4 Rf2 53.c6 Rxf5+ 54.Kg6 Rf6+ 55.Kxg7 Rxe6 56.c7 Kd7  0-1

[Event "Matanzas op"]
[Site "Cuba"]
[Date "1997.??.??"]
[Round "6"]
[White "Cruz, Liset"]
[Black "Fleitas, Yuleikis"]
[Result "0-1"]
[WhiteElo "2040"]
[BlackElo "2065"]

1.Nf3 d5 2.c4 c6 3.b3 Bf5 4.Bb2 e6 5.g3 Nf6 6.Bg2 Nbd7 7.d3 Bd6 8.Nbd2 h6
9.O-O O-O 10.Re1 Bh7 11.e4 dxe4 12.dxe4 e5 13.c5 Bxc5 14.Nxe5 Nxe5 15.Bxe5 Qe7
16.Bc3 Rfd8 17.Qe2 Bd4 18.Bxd4 Rxd4 19.f3 Rad8 20.Nf1 Qc5 21.Qf2 Qb4 22.Bh3 Nd7
23.Rad1 Ne5 24.Rxd4 Qxd4 25.Qxd4 Nxf3+ 26.Kf2 Nxd4 27.Kg2 Re8 28.Nd2 f6 29.Kf2 Re5
30.Nc4 Rxe4 31.Rxe4 Bxe4 32.Nd6 Bb1 33.Nxb7 Bxa2 34.Na5 Kf8 35.Ke3 c5 36.Nb7 Nxb3
37.Be6 Na5 38.Nxc5 Bxe6 39.Nxe6+ Kf7 40.Nc5 Nc6 41.Ke4 g6 42.g4 Ke7 43.h3 Ne5
44.Na6 Kd6 45.Nb4 a5 46.Nd5 f5+ 47.gxf5 gxf5+ 48.Kd4 Nf3+ 49.Kc4 Ke5 50.Nc3 h5
51.Ne2 h4 52.Kb5 Ng5 53.Ng1 f4  0-1

[Event "Cutro op"]
[Site "Cutro"]
[Date "1997.??.??"]
[Round "?"]
[White "Contin, Daniel"]
[Black "Korneev, Oleg"]
[Result "0-1"]
[WhiteElo "2320"]
[BlackElo "2590"]

1.Nf3 d5 2.c4 d4 3.b4 g6 4.Bb2 Bg7 5.g3 e5 6.d3 Ne7 7.Bg2 O-O 8.O-O Re8 9.Nbd2 Nd7
10.Qc2 Rb8 11.Rae1 Nf5 12.Nb3 b6 13.Nfd2 Bb7 14.Ne4 Ne7 15.e3 f5 16.Ng5 Bxg2
17.Ne6 Qc8 18.Kxg2 Qb7+ 19.f3 Bh6 20.exd4 Nc6 21.a3 Rxe6 22.d5 Ree8 23.dxc6 Qxc6
24.d4 Bg7 25.d5 Qd6 26.Rd1 c5 27.Qc3 Re7 28.Qc1 Rc8 29.b5 Rce8 30.Rfe1 h5
31.Qc2 Bf6 32.Nd2 Kh7 33.Kh1 Bg5 34.Re2 Nf6 35.Bc3 Ng8 36.Rde1 Nh6 37.Qb2 Nf7
38.Qc2 h4 39.Kg2 Bf6 40.Qb2 Bg5 41.a4 Qd7 42.f4 exf4 43.Nf3 Re4 44.Nxg5+ Nxg5
45.gxf4 h3+ 46.Kg3 Rxe2 47.Rxe2 Rxe2 48.Qxe2 Ne4+ 49.Kxh3 Nxc3 50.Qe5 Ne4
51.Kg2 Nd6 52.Qc3 Qe7 53.Qe5 Qxe5 54.fxe5 Nxc4  0-1

[Event "CZE-chT2 9697"]
[Site "CZE"]
[Date "1997.??.??"]
[Round "?"]
[White "Pribyl, Martin"]
[Black "Pacovsky, Jiri"]
[Result "1-0"]
[WhiteElo "2305"]
[BlackElo "2315"]

1.Nf3 d5 2.c4 c6 3.b3 Bf5 4.Bb2 e6 5.g3 Nf6 6.Bg2 Nbd7 7.O-O Bc5 8.d3 O-O
9.Nbd2 h6 10.cxd5 exd5 11.Nd4 Bg6 12.N2f3 Qb6 13.Qd2 Rfe8 14.Rac1 a5 15.a4 Bb4
16.Qd1 Re7 17.Nh4 Rae8 18.Rc2 Bh5 19.Nhf5 Re5 20.Kh1 Bg4 21.Ne3 Bc5 22.Nxg4 Nxg4
23.e3 Ngf6 24.Nxc6 R5e6 25.Nd4 Bxd4 26.Bxd4 Qxb3 27.Rc7 Qxd1 28.Rxd1 b6 29.Bh3 Rd6
30.Rb1 Rb8 31.Rb5 Kf8 32.Kg2 h5 33.Bb2 Ke8 34.Ba3 Re6 35.Bxe6 fxe6 36.Bd6 Ra8
37.Rc6 Kf7 38.d4 Ne8 39.Be5 Rd8 40.h4 Nef6 41.Rc7 Ke8 42.Bf4 Ra8 43.Rb2 Kd8
44.Rc6 Ke7 45.Bc7 Kf7 46.Bxb6 Rb8 47.Rb5  1-0

[Event "CZE-chT2 9697"]
[Site "CZE"]
[Date "1997.??.??"]
[Round "?"]
[White "Pilar, Miloslav"]
[Black "Spal, Milan"]
[Result "1-0"]
[WhiteElo "2275"]
[BlackElo "2245"]

1.Nf3 d5 2.c4 d4 3.g3 g6 4.Bg2 Bg7 5.d3 e5 6.O-O Ne7 7.Na3 O-O 8.Nc2 a5 9.a3 a4
10.Rb1 Nd7 11.b4 axb3 12.Rxb3 Nc5 13.Rb5 Na4 14.Bd2 c5 15.Ng5 Ra7 16.Qe1 b6
17.Rb3 h6 18.Nf3 Bb7 19.e4 Qd6 20.Qc1 Kh7 21.Nfe1 Nc6 22.f4 Na5 23.Rb1 Nc3
24.Bxc3 dxc3 25.f5 h5 26.Qe3 Bh6 27.Qe2 Ra6 28.g4 hxg4 29.Qxg4 Nc6 30.Rf3 Nd4
31.Nxd4 cxd4 32.c5 Qd8 33.Rh3 Kg7 34.Rxh6 Kxh6 35.Nf3 Qf6 36.Rf1 g5 37.Nxe5 Qxe5
38.Rf3 bxc5 39.Rh3+ Kg7 40.Qxg5+ Rg6 41.Qh4 Bxe4 42.dxe4 Rb8 43.fxg6 Rb1+
44.Bf1 Rxf1+ 45.Kxf1 Qf6+ 46.Qxf6+ Kxf6 47.gxf7 Kxf7 48.Rxc3  1-0

[Event "MSS-ch"]
[Site "CZE"]
[Date "1997.??.??"]
[Round "?"]
[White "Dvorak, Libor"]
[Black "Skaroupka, Jiri"]
[Result "1/2-1/2"]
[WhiteElo "1965"]
[BlackElo "2105"]

1.Nf3 d5 2.c4 c6 3.b3 Bg4 4.Ne5 Bh5 5.g4 Bg6 6.Nxg6 hxg6 7.Bb2 e6 8.e3 Nd7
9.Bg2 Qc7 10.h3 g5 11.d3 Bb4+ 12.Nd2 Ne5 13.Qc2 dxc4 14.bxc4 Rd8 15.d4 Nf6
16.O-O-O Bxd2+ 17.Rxd2 Ng6  1/2-1/2

[Event "MSS-ch"]
[Site "CZE"]
[Date "1997.??.??"]
[Round "?"]
[White "Machycek, Lubomir"]
[Black "Volodin, Viktor"]
[Result "1-0"]
[WhiteElo "2185"]
[BlackElo "2305"]

1.Nf3 d5 2.c4 e6 3.d4 Nf6 4.Nc3 c6 5.cxd5 exd5 6.Bg5 Bf5 7.e3 Nbd7 8.Bd3 Bxd3
9.Qxd3 Be7 10.O-O O-O 11.Nd2 Re8 12.Rae1 Ne4 13.Bxe7 Qxe7 14.Nb3 f5 15.Re2 Ndf6
16.Rfe1 Rad8 17.f3 Nd6 18.Nd2 Qf7 19.f4 Nde4 20.Nf3 Nd7 21.Ne5 Nxe5 22.fxe5 Rf8
23.Rf1 Qe6 24.Rc2 Nxc3 25.Rxc3 Rf7 26.Rc2 Rdf8 27.Qa3 a6 28.Rcf2 g6 29.Qb4 Kh8
30.Rf3 Kg7 31.R1f2 Kg8 32.a3 Rc8 33.Qb6 Rcf8 34.Qc5 Qe7 35.Qxe7 Rxe7 36.g4 Ref7
37.gxf5 gxf5 38.Kf1 a5 39.Ke2 b6 40.b3 c5 41.Kd3 a4 42.bxa4 Ra7 43.dxc5 bxc5
44.Rg2+ Kh8 45.Rc2 Rxa4 46.Rxc5 Rb8 47.Rc3 Rf8 48.Rf4 Re4 49.Rxe4 dxe4+ 50.Ke2 Ra8
51.Kf2 Ra5 52.Kg3 Rxe5 53.Rc8+ Kg7 54.Ra8 Rc5 55.Kf4 Rc2 56.Kxf5 Rxh2 57.Kxe4 h5
58.Kf3 h4 59.a4 h3 60.Kg3 Re2 61.Kxh3 Rxe3+ 62.Kg4 Re1 63.Kf5 Re2 64.a5 Re1
65.a6 Re2 66.Ra7+ Kh6 67.Rc7 Ra2 68.a7 Ra6 69.Rd7 Ra1 70.Rc7 Ra6 71.Rc6+ Rxc6
72.a8=Q Rc5+ 73.Kf6  1-0

[Event "CZE-chT1c 9697"]
[Site "CZE"]
[Date "1997.??.??"]
[Round "?"]
[White "Civin, Tomas"]
[Black "Spal, Milan"]
[Result "1/2-1/2"]
[WhiteElo "2235"]
[BlackElo "2245"]

1.Nf3 d5 2.c4 d4 3.b4 f6 4.Bb2 e5 5.a3 c5 6.bxc5 Nc6 7.d3 Bxc5 8.Nbd2 Nge7
9.g3 Be6 10.Bg2 Qd7 11.O-O Bh3 12.Ne4 b6 13.Nxc5 bxc5 14.e3 Bxg2 15.Kxg2 dxe3
16.fxe3 O-O 17.Qc2 Nf5 18.Bc1 Rad8 19.Ne1 e4 20.dxe4 Nd6 21.Bb2 Qe6 22.Rc1 Na5
23.Nf3 Naxc4 24.Rfe1 Nxb2 25.Qxb2 Nxe4 26.Re2 Rd3 27.a4 Rfd8 28.Qb7 R3d7
29.Qb5 Qd5 30.Qc4 Rb8 31.Qxd5+ Rxd5 32.Rc4 Rb4 33.Rec2 Rxc4 34.Rxc4 Nd2 35.Rc2 Nxf3
36.Kxf3 Kf7 37.e4 Re5 38.g4 Ke7 39.Ke3 Kd6 40.Kd3 Kc6 41.Rg2 Re7 42.g5 fxg5
43.Rxg5 g6 44.Ke3 Rb7 45.Re5 Rb2 46.h4 Rh2 47.Re6+ Kd7 48.Ra6 Rxh4 49.Rxa7+ Kd6
50.a5 g5 51.a6 Rh3+ 52.Ke2 Ra3 53.Rxh7 Ke5 54.a7 Kxe4 55.Re7+ Kf4 56.Rc7 g4
57.Rxc5 Rxa7 58.Kf2  1/2-1/2

[Event "CZE-chT1b 9697"]
[Site "CZE"]
[Date "1997.??.??"]
[Round "?"]
[White "Reznicek, Jan"]
[Black "Kalousek, Vladimir"]
[Result "1/2-1/2"]
[WhiteElo "2250"]
[BlackElo "2130"]

1.Nf3 d5 2.c4 Nf6 3.cxd5 Nxd5 4.e4 Nb6 5.d4 Bg4 6.Be2 g6 7.Nc3 Bg7 8.Be3 O-O
9.O-O Nc6 10.d5 Na5 11.Nd4 Bxe2 12.Ncxe2 c6 13.dxc6 Nxc6 14.Nxc6 bxc6 15.Qc2 Qd6
16.Rac1 Rac8 17.b3 Rfd8 18.Rfd1 Qa3 19.Bc5 Qb2 20.Qxb2 Bxb2 21.Rb1 Bf6 22.Kf1 e5
23.Nc3 Rxd1+ 24.Rxd1 Rd8 25.Rxd8+ Bxd8 26.Ke2 f6 27.Kd3 Kf7 28.Nd1 Be7 29.Be3 Ke6
30.Nb2 Bd6 31.Nc4 Nxc4 32.Kxc4 a6 33.Bc5 Bc7 34.f3 Kd7 35.Bf8 Bb6 36.g4 Ke6
37.Bc5 Bc7 38.Kb4 f5 39.Bf2 fxe4 40.fxe4 Kd6 41.Kc4 Bd8 42.Kb4 Bc7 43.Ka4 c5
44.Be1 Kc6 45.Bf2 Bd8 46.Be3 Bc7 47.Bd2 Bb6 48.Bc3 Bc7 49.Ka3 Kb5 50.Kb2 Bd6
51.Kc2 Bc7 52.a4+ Kc6 53.Kd3 Bd6 54.Kc4 Bc7 55.Be1 Bd8 56.Bg3 Bc7 57.Bh4 Bd6
58.Bf6 Bc7 59.Be7 Bd6 60.Bf6 Bc7 61.h3 Bd6 62.Bg7 Bc7 63.b4 cxb4 64.Kxb4 Bd6+
65.Kc4 Bc7 66.Bf6 Bd6 67.Bh4 Bf8 68.Bf2 Be7 69.Be1 Bf8 70.Bc3 Bd6 71.Bb2 Bc7
72.Ba3  1/2-1/2

[Event "CZE-chT 9697"]
[Site "CZE"]
[Date "1997.??.??"]
[Round "1"]
[White "Votava, Jan"]
[Black "Masternak, Grzegorz"]
[Result "1-0"]
[WhiteElo "2530"]
[BlackElo "2375"]

1.Nf3 d5 2.c4 e6 3.d4 Nf6 4.Nc3 Bb4 5.a3 Bxc3+ 6.bxc3 c5 7.e3 Qa5 8.Bd2 Ne4
9.cxd5 exd5 10.c4 Nxd2 11.Qxd2 Qxd2+ 12.Kxd2 cxd4 13.Nxd4 dxc4 14.Bxc4 Nc6
15.Nxc6 bxc6 16.Rab1 Bf5 17.Rb4 O-O-O+ 18.Kc3 Kc7 19.f3 f6 20.e4 Bd7 21.Rhb1 Rb8
22.Rxb8 Rxb8 23.Rxb8 Kxb8 24.Kd4 Kc7 25.Kc5 Bc8 26.f4 Kd7 27.a4 g5 28.e5 fxe5
29.fxg5 Ke7 30.Bd3 Be6 31.Be4 Bb3 32.a5 Ba4 33.Bxh7 Ke6 34.Be4 Bb5 35.h4  1-0

[Event "Moravia-chT 9798"]
[Site "CZE"]
[Date "1997.??.??"]
[Round "1.7"]
[White "Misiuga, Andrzej"]
[Black "Omelka, Marek"]
[Result "1-0"]
[WhiteElo "2195"]
[BlackElo "2115"]

1.Nf3 d5 2.c4 dxc4 3.e3 Nc6 4.Bxc4 e5 5.Nc3 Bd6 6.Qb3 Nh6 7.a3 O-O 8.Bd5 Ne7
9.Bc4 Ng6 10.h4 Bg4 11.Qxb7 Rb8 12.Qc6 Rb6 13.Qa4 Kh8 14.h5 Bxf3 15.gxf3 Nh4
16.Bd5 N6f5 17.Qg4 g5 18.hxg6 fxg6 19.Be4 Be7 20.Nd5 Rd6 21.Nxe7 Qxe7 22.b4 h5
23.Qh3 Rfd8 24.Ra2 Qe6 25.Rc2 R8d7 26.Bb2 Kh7 27.Ke2 c6 28.Qh2 Re7 29.Rc5  1-0

[Event "CZE-chT2 9798"]
[Site "CZE"]
[Date "1997.??.??"]
[Round "2.5"]
[White "Reznicek, Jan"]
[Black "Trefny, Vlastimil"]
[Result "0-1"]
[WhiteElo "2255"]
[BlackElo "2250"]

1.Nf3 d5 2.c4 dxc4 3.Qa4+ Nc6 4.Nc3 g6 5.g3 Bg7 6.Bg2 Bd7 7.Qxc4 e5 8.O-O Nge7
9.d3 O-O 10.Bd2 Be6 11.Qa4 Nd4 12.Nxd4 exd4 13.Ne4 b6 14.Rfc1 Bd5 15.Bg5 f6
16.Bd2 c6 17.Qd1 h6 18.Bb4 c5 19.Be1 f5 20.Nd2 a5 21.Qa4 Bxg2 22.Kxg2 Qd5+
23.Kg1 Qe6 24.Qd1 Nd5 25.Nf3 Rae8 26.Rc2 f4 27.a3 fxg3 28.hxg3 Qh3 29.Bd2 Ne3
30.fxe3 Qxg3+ 31.Kh1  0-1

[Event "Moravia-chT 9798"]
[Site "CZE"]
[Date "1997.??.??"]
[Round "3.6"]
[White "Zabystrzan, Pavel"]
[Black "Knazovcik, Ladislav"]
[Result "1-0"]
[WhiteElo "2280"]
[BlackElo "2255"]

1.Nf3 d5 2.c4 c6 3.d4 Nf6 4.cxd5 cxd5 5.Nc3 Nc6 6.Bf4 Ne4 7.e3 Nxc3 8.bxc3 g6
9.Ne5 Bg7 10.Nxc6 bxc6 11.Be2 Qa5 12.O-O O-O 13.Qb3 Re8 14.Qb4 Qxb4 15.cxb4 e5
16.dxe5 Bxe5 17.Bxe5 Rxe5 18.Rac1 Bd7 19.Rc5 Kf8 20.Rfc1 Ke7 21.Ra5 Kd6 22.a3 Bc8
23.Ba6 Re7 24.Rac5 Rc7 25.Bxc8 Raxc8 26.Kf1 Rb8 27.Ke2 Rb6 28.Kd3 Re7 29.f3 f5
30.Kd4 a6 31.Ra5 h5 32.Re1 Re6 33.Re2 Re7 34.e4 fxe4 35.fxe4 dxe4 36.Rxe4 Rf7
37.Re8 Rf4+ 38.Ke3 Rg4 39.g3 Kc7 40.Re4 Rb5 41.Rxb5 axb5 42.Rxg4 hxg4 43.Kf4 Kd6
44.Kxg4 c5 45.Kf4 c4 46.Ke4 Ke6 47.Kd4 Kf5 48.a4 bxa4 49.Kxc4 g5 50.h4  1-0

[Event "Moravia-chT 9798"]
[Site "CZE"]
[Date "1997.??.??"]
[Round "3.7"]
[White "Misiuga, Andrzej"]
[Black "Vesely, Jaromir"]
[Result "0-1"]
[WhiteElo "2195"]
[BlackElo "2140"]

1.Nf3 d5 2.c4 e6 3.g3 Nf6 4.Bg2 Be7 5.O-O O-O 6.d4 Ne4 7.Nc3 f5 8.Qb3 c6
9.Bf4 Nd7 10.Rfd1 g5 11.Be5 g4 12.Ne1 Nxe5 13.dxe5 Qb6 14.Nd3 Qxb3 15.axb3 Nxc3
16.bxc3 a5 17.c5 b6 18.cxb6 Bd8 19.c4 Bxb6 20.Rdc1 Ra7 21.cxd5 cxd5 22.Rc6 Bd4
23.Rac1 Bd7 24.Rc7 Rfa8 25.e3 Bb6 26.Rxd7 Rxd7 27.Rc6 Rb8 28.Rxe6 Ba7 29.Nf4 d4
30.exd4 Rxd4 31.Rd6 Rxd6 32.exd6 Kf7 33.Bd5+ Kf6 34.Kf1 Rd8 35.Bc4 Rxd6 36.Ke2 Rd4
37.Bg8 h6 38.Nd3 Bb8 39.Nb2 f4 40.Bc4 f3+ 41.Ke1 Bd6 42.Nd3 a4 43.Kd2 Re4
44.Nc1 Bb4+ 45.Kd3 Re1 46.Na2 Bc5 47.bxa4 Bxf2 48.Nc3 Ba7  0-1

[Event "CZE-chT2 9798"]
[Site "CZE"]
[Date "1997.??.??"]
[Round "3.2"]
[White "Pribyl, Martin"]
[Black "Prymula, Roman"]
[Result "1-0"]
[WhiteElo "2350"]
[BlackElo "2240"]

1.Nf3 d5 2.c4 c6 3.b3 e6 4.Bb2 f5 5.d3 Nf6 6.Nbd2 Be7 7.g3 O-O 8.Bg2 Bd7
9.O-O Be8 10.Nd4 Qc8 11.cxd5 exd5 12.e4 fxe4 13.dxe4 dxe4 14.Nxe4 Nxe4 15.Bxe4 Qh3
16.Qc2 Bd7 17.Rae1 Bf6 18.f4 Na6 19.Nf3 Bxb2 20.Qxb2 Qh5 21.Ng5 Bf5 22.Bxf5 Rxf5
23.Re7 Qg6 24.Ne6 Rf7 25.f5 Qf6 26.Qxf6 gxf6 27.Rxf7 Kxf7 28.Rd1 Ke7 29.Rd4 c5
30.Rh4 Rh8 31.Nf4 Kd6 32.Ng6 Re8 33.Rxh7 Re1+ 34.Kf2 Ra1 35.Rxb7 Rxa2+ 36.Kf3 Rxh2
37.Rxa7 Nb4 38.Ra1 Rb2 39.Rd1+ Kc6 40.Rd3 Nd5 41.Nf4 Nb4 42.Rc3 Kb5 43.Ne6 Na6
44.Nf4 Nb4 45.g4 Rb1 46.Ne6 Na6 47.Ke4 Kb4 48.Rd3 Rxb3 49.Rxb3+ Kxb3 50.g5 c4
51.g6  1-0

[Event "CZE-chT2 9798"]
[Site "CZE"]
[Date "1997.??.??"]
[Round "4.1"]
[White "Znamenacek, Kvetoslav"]
[Black "Adamek, Zdenek"]
[Result "1-0"]
[WhiteElo "2325"]
[BlackElo "2135"]

1.Nf3 d5 2.c4 c6 3.b3 Nf6 4.g3 Bf5 5.Ba3 Nbd7 6.Bg2 e6 7.Bxf8 Nxf8 8.O-O N8d7
9.Nc3 O-O 10.d3 Qe7 11.Qd2 h6 12.Rfc1 Bh7 13.Qb2 e5 14.cxd5 cxd5 15.Nd2 e4
16.dxe4 dxe4 17.Nc4 Nb6 18.Ne3 Rfd8 19.Rd1 Qe5 20.Rac1 Nfd5 21.Qd2 Nf6 22.Qxd8+ Rxd8
23.Rxd8+ Ne8 24.Ncd5 Nxd5 25.Nxd5 Bf5 26.Ne3  1-0

[Event "CZE-chT 9697"]
[Site "CZE"]
[Date "1997.??.??"]
[Round "7"]
[White "Freisler, Pavel"]
[Black "Orsag, Milan"]
[Result "1/2-1/2"]
[WhiteElo "2365"]
[BlackElo "2385"]

1.Nf3 d5 2.c4 e6 3.g3 c5 4.Bg2 Nc6 5.cxd5 exd5 6.d4 Nf6 7.Nc3 Be7 8.O-O O-O
9.Bg5 cxd4 10.Nxd4 h6 11.Be3 Re8 12.Qa4 Bd7 13.Nxd5 Nxd5 14.Bxd5 Nb4 15.Qb3 Nxd5
16.Qxd5 Bh3 17.Qxd8 Raxd8 18.Rfd1 Bf6 19.Rd2  1/2-1/2

[Event "CZE-chT 9697"]
[Site "CZE"]
[Date "1997.??.??"]
[Round "8"]
[White "Hlavnicka, Jiri"]
[Black "Netusil, Miroslav"]
[Result "1/2-1/2"]
[WhiteElo "2230"]
[BlackElo "2300"]

1.Nf3 d5 2.c4 c6 3.e3 Nf6 4.Nc3 g6 5.d4 Bg7 6.Be2 O-O 7.O-O Bg4 8.Bd2 dxc4
9.Bxc4 Nbd7 10.Be2 Bxf3 11.Bxf3 e5 12.dxe5 Nxe5 13.Be2  1/2-1/2

[Event "CZE-chT 9697"]
[Site "CZE"]
[Date "1997.??.??"]
[Round "9"]
[White "Znamenacek, Kvetoslav"]
[Black "Malivanek, Jiri"]
[Result "1-0"]
[WhiteElo "2325"]
[BlackElo "2240"]

1.Nf3 d5 2.c4 Nf6 3.cxd5 Nxd5 4.d4 g6 5.e4 Nb6 6.h3 Bg7 7.Nc3 O-O 8.Be2 c6
9.O-O Be6 10.Re1 Bc4 11.Be3 N8d7 12.a4 Nf6 13.a5 Bxe2 14.Qxe2 Nbd7 15.Qc4 e6
16.b4 a6 17.Bg5 h6 18.Bh4 g5 19.Bg3 Qe7 20.Rab1 Rac8 21.Rb3 Rfd8 22.e5 Nd5
23.Ne4 Nf8 24.Nfd2 f5 25.exf6 Nxf6 26.Be5 Rd5 27.Nc3 Rdd8 28.Nce4 Rd5 29.Rf3 N8d7
30.Nc3 Nxe5 31.dxe5 Nd7 32.Nxd5 exd5 33.Qg4 Re8 34.Rfe3 Rf8 35.e6 Nf6 36.Qd1 Qxb4
37.Rb3 Qe7 38.Qb1 Rb8 39.Qg6 Ne8 40.Nf3 Qf6 41.Qb1 Nd6 42.Ne5 Ne4 43.Rxe4 dxe4
44.Nd7  1-0